000 00959cad a22002055a 4500
001 L147820
008 090622s2009 fr d f s 000 0 eng d
035 _a(Sirsi) u147820
041 0 _aeng
050 0 4 _a333.33 $2 18
110 2 _aBNP Paribas Real Estate
_95715
245 0 0 _aLogistics
_h[electronic resource]
260 _a[Paris]
_bBNP Paribas Real Estate
_c2009
520 _aOptimising the efficiency of traffic flows is one of the major issues for logistics service providers and shippers. Whether the issue is a regional hub or the selection of a warehouse to deliver to city centres, our specialised logistics staff have market knowledge, and may provide valuable advice to investors and property users alike.
590 _aKA
651 4 _aEurope
690 _aCommercial property
_96227
856 4 0 _uhttps://www.realestate.bnpparibas.com/bnppre/logistics-uat_23314
_zView this report free of charge at BNP Real Estate website.
942 _n0
999 _c109736
_d109736